Метод конечных элементов для решения скалярных и векторных задач: учебное пособие

Xehetasun bibliografikoak
Egile nagusia: Соловейчик Ю. Г. Юрий Григорьевич
Beste egile batzuk: Рояк М. Э. Михаил Эммануилович, Персова М. Г. Марина Геннадьевна
Gaia:Рассматриваются вопросы теории и практики МКЭ и его возможности при использовании узловых и векторных базисных функций для решения различных классов задач. Много внимания уделяется технологическим аспектам при реализации МКЭ, методам тестирования и способам оценки точности получаемых конечноэлементных решений, а также специальным постановкам, позволяющим с высокой точностью решать сложные трёхмерные задачи. Особый интерес эта книга может представлять для тех, кто хочет освоить самые современные методы решения наиболее сложных задач электромагнетизма -трёхмерных, векторных, нелинейных.
Hizkuntza:errusiera
Argitaratua: Новосибирск, Изд-во НГТУ, 2007
Saila:Учебники НГТУ
Gaiak:
Formatua: MixedMaterials Liburua
KOHA link:https://koha.lib.tpu.ru/cgi-bin/koha/opac-detail.pl?biblionumber=163770

MARC

LEADER 00000nam0a2200000 4500
001 163770
005 20231101222424.0
010 |a 9785778207499 
035 |a (RuTPU)RU\TPU\book\177677 
090 |a 163770 
100 |a 20090821d2007 m y0rusy50 ca 
101 0 |a rus 
102 |a RU 
105 |a a j 001zy 
200 1 |a Метод конечных элементов для решения скалярных и векторных задач  |e учебное пособие  |f Ю. Г. Соловейчик, М. Э. Рояк, М. Г. Персова 
210 |a Новосибирск  |c Изд-во НГТУ  |d 2007 
215 |a 896 с.  |c ил. 
225 1 |a Учебники НГТУ 
320 |a Предметный указатель: с. 890-895. 
330 |a Рассматриваются вопросы теории и практики МКЭ и его возможности при использовании узловых и векторных базисных функций для решения различных классов задач. Много внимания уделяется технологическим аспектам при реализации МКЭ, методам тестирования и способам оценки точности получаемых конечноэлементных решений, а также специальным постановкам, позволяющим с высокой точностью решать сложные трёхмерные задачи. Особый интерес эта книга может представлять для тех, кто хочет освоить самые современные методы решения наиболее сложных задач электромагнетизма -трёхмерных, векторных, нелинейных. 
606 1 |a Конечных элементов метод  |2 stltpush  |3 (RuTPU)RU\TPU\subj\15366  |9 41614 
610 1 |a скалярные задачи 
610 1 |a векторные задачи 
610 1 |a краевые задачи 
610 1 |a решение 
610 1 |a МКЭ 
610 1 |a метод конечных элементов 
610 1 |a конечномерные подпространства 
610 1 |a вариационные формулировки 
610 1 |a одномерные задачи 
610 1 |a нестационарные задачи 
610 1 |a сосредоточенные источники 
610 1 |a сетки 
610 1 |a алгоритмы 
610 1 |a комбинированные сетки 
610 1 |a конечномерные аппроксимации 
610 1 |a иерархические базисы 
610 1 |a погрешности 
610 1 |a электромагнетизм 
610 1 |a нелинейные задачи 
610 1 |a учебные пособия 
675 |a 517.962(075.8)  |v 3 
700 1 |a Соловейчик  |b Ю. Г.  |g Юрий Григорьевич 
701 1 |a Рояк  |b М. Э.  |g Михаил Эммануилович 
701 1 |a Персова  |b М. Г.  |g Марина Геннадьевна 
801 1 |a RU  |b 63413507  |c 20090821 
801 2 |a RU  |b 63413507  |c 20130128  |g RCR 
900 |a Материально-техническое обеспечение 
900 |a Системы связи и оповещения 
900 |a Основы метода конечных элементов 
942 |c BK 
959 |a 79/20090629  |d 1  |e 580,00  |f ЧЗТЛ:1